Ứng dụng hồi quy bán tham số trong khoa học xã hội : Luận văn thạc sĩ. Chuyên ngành: Lý thuyết xác suất và thống kê toán học

Luận văn gồm có 3 chương: Giới thiệu các kiến thức sẽ dùng cho các chương sau: phương pháp tham số, phi tham số, hàm spline, Cross - Validation; Trình bày về mô hình hồi qui bán tham số, trong đó: mô hình cộng, mô hình cộng tổng quát, mô hình ho...

全面介紹

Đã lưu trong:
書目詳細資料
主要作者: Nguyễn, Thị Ngọc Châu
格式: 圖書
語言:Undetermined
出版: Cần Thơ Trường Đại học Cần Thơ 2012
主題:
標簽: 添加標簽
沒有標簽, 成為第一個標記此記錄!
Thư viện lưu trữ: Trung tâm Học liệu Trường Đại học Cần Thơ
LEADER 01473nam a2200217Ia 4500
001 CTU_174672
008 210402s9999 xx 000 0 und d
082 |a 519.2 
082 |b Ch125 
088 |a 60460106 
100 |a Nguyễn, Thị Ngọc Châu 
245 0 |a Ứng dụng hồi quy bán tham số trong khoa học xã hội : 
245 0 |b Luận văn thạc sĩ. Chuyên ngành: Lý thuyết xác suất và thống kê toán học 
245 0 |c Nguyễn Thị Ngọc Châu ; Tô Anh Dũng (Người hướng dẫn khoa học) 
260 |a Cần Thơ 
260 |b Trường Đại học Cần Thơ 
260 |c 2012 
520 |a Luận văn gồm có 3 chương: Giới thiệu các kiến thức sẽ dùng cho các chương sau: phương pháp tham số, phi tham số, hàm spline, Cross - Validation; Trình bày về mô hình hồi qui bán tham số, trong đó: mô hình cộng, mô hình cộng tổng quát, mô hình hỗn hợp, bootstrap; Nghiên cứu ứng dụng mô hình hồi qui bán tham số trên nền một ứng dụng với số liệu thực tế trong một cuộc bầu cử và phần mềm thống kê R. 
650 |a Toán thống kê,Mathematical statistics,Probabilities 
904 |i Cẩm Thân 
980 |a Trung tâm Học liệu Trường Đại học Cần Thơ